01902nam a22002897a 4500003000900000008004100009040007100050082002500121110005500146245006800201260003200269300002900301440006500330505091000395650002201305650001101327650001901338650001801357650002801375650001901403700002901422700002701451700002301478700002901501700002701530710005501557AR-CdUCM190425b ||||| |||| 00| 0 spa d aMUNICIPALIDAD PROVINCIAL DEL CUSCOcBIBLIOTECA MUNICIPAL DEL CUSCO aRev.Univ/N°103/1952 aUniversidad Nacional de San Antonio Abad del Cusco aRevista Universitaria :bÓrgano de la Universidad del Cuzco / aCusco :bH.G. Rozas,c1952. a337 páginas. :c20 cm. aRevista UniversitarianAño XLI, 2° semestre 1952, N°103. aContenido: El tratado interamericano de asistencia reciproca. Luis Felipe Paredes. -- En defensa del libertador Simón Bolívar, Luis Velazco Aragón. -- Ajimeces de la ciudad del Cuzco. Manuel Solar C. -- Algunos aspectos de la evolución del derecho de minas en el Perú. Carlos Valer. -- La bandera de la conquista. Jorge Cornejo Bouroncle. -- La maldición de una madre. tradición cusqueña de la época del Obispo Pérez y Grado. Ángel Carreño. -- El estado de necesidad y la responsabilidad extracontractual en el derecho civil. José Ugarte Alcázar. -- Ollantaytambo. Manuel Antonio Astete Abrill. -- Imagen de Ruben Dario. Raúl Vallejos. -- Análisis del agua termal de Machupicchu. Alfredo Catacora Morales. -- Libros folletos y revistas recibidos en canje por la Biblioteca Central de la Universidad Central de la Universidad del Cuzco año 1952. Crónica universitaria.  aSimón Bolívar aAjimez aDerecho minero aOllantaytambo aTradiciones cusqueñas aAguas termales aCornejo Bouroncle, Jorge aAstete Abrill, Antonio aCarreño, Ángel aUgarte Alcázar, José aVelazco Aragón, Luis aUniversidad Nacional de San Antonio Abad del Cusco